Cách thay đổi đời bạn : Sống để yêu thương & trao tặng

Cung cấp những kiến thức giúp người đọc làm chủ được sức mạnh tinh thần lớn lao, hiểu rõ tiềm năng sẵn có trong con người mình, có dũng khí thay đổi cuộc sống theo chiều hướng tốt đẹp và có ý nghĩa hơn...

Deskribapen osoa

Gorde:
Xehetasun bibliografikoak
Egile nagusia: Holmes, Ernest
Formatua: Liburua
Hizkuntza:Undetermined
Argitaratua: Hà Nội Lao động 2012
Gaiak:
Etiketak: Etiketa erantsi
Etiketarik gabe, Izan zaitez lehena erregistro honi etiketa jartzen!
Thư viện lưu trữ: Trung tâm Học liệu Trường Đại học Cần Thơ
LEADER 00978nam a2200217Ia 4500
001 CTU_193700
008 210402s9999 xx 000 0 und d
020 |c 55000 
082 |a 299.93 
082 |b H749 
100 |a Holmes, Ernest 
245 0 |a Cách thay đổi đời bạn : 
245 0 |b Sống để yêu thương & trao tặng 
245 0 |c Ernest Holmes ; Thế Hùng, Kiến Văn (Biên dịch) 
260 |a Hà Nội 
260 |b Lao động 
260 |c 2012 
520 |a Cung cấp những kiến thức giúp người đọc làm chủ được sức mạnh tinh thần lớn lao, hiểu rõ tiềm năng sẵn có trong con người mình, có dũng khí thay đổi cuộc sống theo chiều hướng tốt đẹp và có ý nghĩa hơn 
650 |a New Thought,Tư tưởng mới 
910 |a Hải 
980 |a Trung tâm Học liệu Trường Đại học Cần Thơ